000 01015nam0a22002411i 4500
001 rc\3766130
005 20240726075903.0
021 _aRU
_b[75-8651а]
035 _a(NLR Aleph) 007217783
090 _a7687989
_c7687989
100 _a20120127d1975 |||y0rusy50 ca
101 0 _arus
102 _aRU
105 _ay d |||||
200 1 _aФормирование и пути развития общественно-политической активности студенческой молодежи
_e(На материалах вузов АзССР)
_eАвтореф. дис. на соиск. учен. степени канд. филос. наук
_e(09.00.02)
_fАзерб. гос. ун-т им. С.М. Кирова
210 _aБаку
_d1975
215 _a36 с.
320 _aСписок работ авт.: с. 36 (5 назв.)
700 1 _aАбдикеев
_bР.З.
_gРафик Зарифович
801 0 _aRU
_bNLR
_gpsbo
801 1 _aRU
_bELAR
_2rusmarc
852 _aNLR
_j75-4/9274
942 _cBOOK